La verdad sospechosa /

Guardado en:
Autor Principal: Ruíz de Alarcón, Juan
Formato: Libro
Publicado: Argentina : Espasa Calpe, 1952
Edición:5a. ed.
Materias:
Etiquetas: Agregar Etiqueta
Sin Etiquetas, Sea el primero en etiquetar este registro!
LEADER 00454nam a22001695a 4500
001 CEM.cems005653
005 20060221000000.0
008 130507s1952##################000#0#####d
003 CEMS
082 0 4 |a 862.1 
100 1 |a Ruíz de Alarcón, Juan 
245 1 0 |a La verdad sospechosa / 
250 |a 5a. ed. 
260 |a Argentina :  |b Espasa Calpe,  |c 1952 
300 |a 169 p. 
653 |a Literatura 
859 |a CEMS  |b BIB. CEMS - 11 de abril  |h 862.1  |i R859-3a5  |p 4623.75  |t Ej.1